Cities in Wisconsin Quiz Stats

 Plays Quiz not verified by Sporcle

Score 0/20 Timer 07:00
0 Plays Today
Population City % Correct
596,974Milwaukee
98.8%
208,054Madison
98.8%
102,767Green Bay
96.7%
81,855Racine
76.3%
90,352Kenosha
75.8%
61,704Eau Claire
75.4%
51,818La Crosse
72.9%
70,087Appleton
72.1%
62,196Oshkosh
70%
50,792Sheboygan
57.5%
Population City % Correct
59,498Janesville
52.9%
64,825Waukesha
52.1%
35,775Beloit
50.8%
38,426Wausau
49.6%
42,203Fond Du Lac
48.8%
61,254West Allis
38.3%
47,271Wauwatosa
36.7%
38,649Brookfield
35.4%
35,476Greenfield
26.7%
38,220New Berlin
25.8%

You're not logged in!

Compare scores with friends on all Sporcle quizzes.
OR
Log In

Show Comments

Extras

Top Quizzes Today


Score Distribution

Your Account Isn't Verified!

In order to create a playlist on Sporcle, you need to verify the email address you used during registration. Go to your Sporcle Settings to finish the process.

Report this User

Report this user for behavior that violates our Community Guidelines.

Details: